| 000 | 00569nam a2200193 i 4500 | ||
|---|---|---|---|
| 001 | 187287 | ||
| 003 | SpMaBN | ||
| 005 | 20250607063032.0 | ||
| 008 | 170529s1957 fr |||| |dspa d | ||
| 080 | _a821.134.2-31"19" | ||
| 100 | 1 |
_aMonréal, Carlos _9162885 _eaut |
|
| 245 | 1 | 3 |
_aLa hora del juicio final / _cCarlos Monréal ; [prólogo, Ramón Liarte]. |
| 260 |
_aToulouse : _bEspaña Libre, _c[1957] |
||
| 300 |
_a317 p. ; _c19 cm. |
||
| 700 | 0 |
_aLiarte, Ramón _972159 _eaui |
|
| 852 |
_aES-MaACL _jL-31637 |
||
| 942 | _2udc | ||
| 999 |
_c187287 _d187287 |
||